000 01213nam0a22002531 4500
001 rc\769654
005 20040301142929.2
035 _a(NLR Aleph) 006296369
090 _a7204435
_c7204435
100 _a20040301d1985 u |0rusy50 ca
101 0 _arus
102 _aRU
105 _ay |||||||||
200 1 _aОпыт и проблемы землеустройства в реализации Продовольственной программы в Молдавской ССР
_eТез. докл. науч.-техн. конф., окт. 1985 г.
_f[Под ред. В.Г. Унгуряна]
210 _aКишинев
_cБ. и.
_d1985
215 _a240 с.
_d21
300 _aВ надзаг.: М-во сел. хоз-ва МССР, Респ. правл. НТО сел. хоз-ва, Молд. гос. проект. ин-т по землеустройству "Молдгипрозем", Кишин. с.-х. ин-т им. М.В. Фрунзе
702 1 _aУнгурян
_bВ. Г.
_gВалентин Георгиевич
_4340
712 0 1 _aМССР
_bМ-во сельского хозяйства
801 0 _aRU
_bNLR
_gpsbo
801 1 _aRU
_bELAR
_2rusmarc
852 _aNLR
_j85-3/14463
942 _cBOOK
980 _aNB